| 000 | 01509nam a22001577a 4500 | ||
|---|---|---|---|
| 041 | _aukr | ||
| 080 | _a09 | ||
| 090 | _bПАН | ||
| 100 | _aПанасюк Д. В. | ||
| 245 | _aСемантичні особливості ситуацій гостросюжетного напруження в сучасній англомовній літературі (на матеріалі трилерів Стівена Кінга) | ||
| 260 |
_aОстрог _bКАФ _c2004 |
||
| 300 | _a49 | ||
| 520 |
_aРозділ 1. Характеристика стилю та використання художніх засобів у творах Стівена Кінга.
1.1. Функціональні особливості художнього стилю.
1.2. Прагматичні аспекти використання лексико-стилістичних засобів у художній літературі (на матеріалі трилерів Стівена Кінга).
Розділ 2. Сюжетні особливості напружених ситуацій.
2.1. Поняття сюжету.
2.2. Сюжетне напруження.
2.3. Мовні засоби вираження сюжетного напруження.
2.4. Емоційність мови як основна ознака сюжетного напруження.
2.5. Емоційні переживання (афекти). _0Стиль, сюжет, напруження. |
||
| 650 | _aResearch Papers | ||
| 999 |
_c282597 _d282597 |
||
| 942 | _cBK | ||